[Event "Gatineau Benevoles"]
[Site "Gatineau"]
[Date "2011.09.20"]
[Round "2"]
[White "Gagnon, Fabien"]
[Black "Lacourse, Guy"]
[Result "1-0"]
[WhiteElo "1986"]
[BlackElo "1736"]
[PlyCount "49"]
[EventDate "2011.09.??"]
[EventType "swiss"]
[EventRounds "5"]
[EventCountry "CAN"]
[SourceTitle "EXT 2022"]
[Source "ChessBase"]
[SourceDate "2021.10.06"]
[SourceVersion "1"]
[SourceVersionDate "2021.10.06"]
[SourceQuality "1"]

1. Nf3 Nf6 2. d4 g6 3. g3 d5 4. Bg2 Bg7 5. 0-0 0-0 6. Ne5 Bf5 7. c4 c6 8. Nc3 Ne4 9. cxd5 Nxc3 10. bxc3 cxd5 11. Qb3 Nc6 12. f4 Nxe5 13. fxe5 Rb8 14. Bxd5 e6 15. Bg2 g5 16. Ba3 Qd7 17. Bxf8 Bxf8 18. a4 Qc7 19. Rac1 h5 20. Rxf5 exf5 21. Rf1 Bh6 22. Rxf5 Rf8 23. e6 fxe6 24. Qxe6+ Kh7 25. Be4 1-0

[Event "Quebec-ch qual"]
[Site "Gatineau"]
[Date "2010.04.06"]
[Round "5"]
[White "Arsenault, Yves"]
[Black "Lacourse, Guy"]
[Result "0-1"]
[WhiteElo "1539"]
[BlackElo "1703"]
[PlyCount "124"]
[EventDate "2010.03.09"]
[EventType "swiss"]
[EventRounds "5"]
[EventCountry "CAN"]
[SourceTitle "EXT 2011"]
[Source "ChessBase"]
[SourceDate "2010.11.26"]
[SourceVersion "1"]
[SourceVersionDate "2010.11.26"]
[SourceQuality "1"]

1. e4 c5 2. Nf3 d6 3. d4 cxd4 4. Nxd4 Nf6 5. Nc3 a6 6. Bd3 Nc6 7. Nf3 e6 8. h3 Be7 9. Be3 b5 10. 0-0 0-0 11. a3 Bb7 12. Re1 Qc7 13. Qd2 Rfd8 14. Bf4 e5 15. Bh2 Nb8 16. Rad1 Nbd7 17. Nh4 Nc5 18. Nf5 Bf8 19. Qg5 Ne6 20. Qe3 Kh8 21. Bg3 Ng8 22. Bh4 f6 23. Nd5 Bxd5 24. exd5 Nc5 25. Bg3 Qf7 26. Be2 g6 27. Nh4 f5 28. Bh2 f4 29. Qd2 Ne4 30. Qd3 Ngf6 31. Bf3 Nc5 32. Qe2 Re8 33. c4 g5 34. Nf5 e4 35. Bg4 h5 36. Bxh5 Qxh5 37. Qd2 Qh7 38. Nd4 Nd3 39. Rf1 bxc4 40. Ne6 Rac8 41. Nxg5 Qf5 42. Ne6 Nxd5 43. Nxf8 Rxf8 44. g4 Qh7 45. Kg2 f3+ 46. Kg3 N5f4 47. h4 Ne5 48. Qxd6 Ned3 49. Qd4+ Kg8 50. Rd2 Qc7 51. Qxe4 Ne2+ 52. Kh3 Ndf4+ 53. Bxf4 Nxf4+ 54. Kg3 Rce8 55. Qc2 Nd3+ 56. Kh3 Re2 57. h5 Nf4+ 58. Kh4 Rxd2 59. Qxd2 Qe7+ 60. Kg3 Qg5 61. Kxf3 Nxh5+ 62. Ke2 Re8+ 0-1

[Event "Quebec-ch qual"]
[Site "Gatineau"]
[Date "2010.03.09"]
[Round "1"]
[White "Berthiaume, Patrick"]
[Black "Lacourse, Guy"]
[Result "0-1"]
[WhiteElo "1225"]
[BlackElo "1703"]
[PlyCount "84"]
[EventDate "2010.03.09"]
[EventType "swiss"]
[EventRounds "5"]
[EventCountry "CAN"]
[SourceTitle "EXT 2011"]
[Source "ChessBase"]
[SourceDate "2010.11.26"]
[SourceVersion "1"]
[SourceVersionDate "2010.11.26"]
[SourceQuality "1"]

1. e4 c5 2. Nf3 e6 3. d4 cxd4 4. Nxd4 Nf6 5. Nc3 d6 6. Bc4 a6 7. a4 Be7 8. 0-0 Bd7 9. f4 Qc7 10. Qe2 Nc6 11. Nf3 0-0 12. e5 dxe5 13. Nxe5 Nd4 14. Qd3 Rfd8 15. Be3 Be8 16. Kh1 Nb3 17. Qe2 Nxa1 18. Rxa1 Bc5 19. Bd2 Bb4 20. Rd1 Bxc3 21. Bxc3 Rxd1+ 22. Qxd1 Rd8 23. Qe2 Qd6 24. Bd3 Bxa4 25. b3 Be8 26. Kg1 b5 27. Bd2 Qd4+ 28. Be3 Qa1+ 29. Kf2 Nd5 30. Qh5 g6 31. Qh6 Nxe3 32. Kxe3 Qd4+ 33. Kf3 a5 34. Kg4 Qd6 35. h4 f5+ 36. Kg3 Qe7 37. Nf3 a4 38. h5 a3 39. hxg6 Bxg6 40. Nh4 a2 41. Nxg6 hxg6 42. Qxg6+ Qg7 0-1

[Event "Gatineau CEH op"]
[Site "Gatineau"]
[Date "2010.02.23"]
[Round "7"]
[White "Groleau, Gilles"]
[Black "Lacourse, Guy"]
[Result "1-0"]
[WhiteElo "2022"]
[BlackElo "1676"]
[PlyCount "25"]
[EventDate "2010.01.12"]
[EventType "swiss"]
[EventRounds "7"]
[EventCountry "CAN"]
[SourceTitle "EXT 2011"]
[Source "ChessBase"]
[SourceDate "2010.11.26"]
[SourceVersion "1"]
[SourceVersionDate "2010.11.26"]
[SourceQuality "1"]

1. e4 c5 2. Nc3 Nc6 3. f4 g6 4. Nf3 Bg7 5. a3 e6 6. b4 cxb4 7. axb4 d6 8. b5 Nb8 9. Bb2 Ne7 10. Be2 b6 11. 0-0 Bb7 12. Na4 Nd7 13. Bxg7 1-0

[Event "Gatineau CEH op"]
[Site "Gatineau"]
[Date "2010.02.02"]
[Round "4"]
[White "Lacourse, Guy"]
[Black "Gagnon, Fabien"]
[Result "0-1"]
[WhiteElo "1676"]
[BlackElo "1942"]
[PlyCount "96"]
[EventDate "2010.01.12"]
[EventType "swiss"]
[EventRounds "7"]
[EventCountry "CAN"]
[SourceTitle "EXT 2011"]
[Source "ChessBase"]
[SourceDate "2010.11.26"]
[SourceVersion "1"]
[SourceVersionDate "2010.11.26"]
[SourceQuality "1"]

1. d4 Nf6 2. c4 c5 3. d5 g6 4. Nc3 Bg7 5. e4 d6 6. h3 0-0 7. Be3 e6 8. Nf3 exd5 9. exd5 Re8 10. Be2 a6 11. 0-0 Nbd7 12. a4 Ne4 13. Nxe4 Rxe4 14. Qc2 Re8 15. Rab1 a5 16. Rfe1 Ne5 17. Nxe5 Bxe5 18. Qd2 Bd7 19. f4 Bg7 20. Bf2 Bxa4 21. b3 Bd7 22. g4 Qf6 23. Bd3 Qc3 24. Qxc3 Bxc3 25. Rxe8+ Rxe8 26. Kg2 Rb8 27. Kf3 b5 28. Rc1 b4 29. f5 Be5 30. Re1 Re8 31. Bc2 gxf5 32. gxf5 f6 33. Rg1+ Kf7 34. Be3 Rg8 35. Rg4 Be8 36. Bh6 Bd7 37. Rxg8 Kxg8 38. Ke4 Kf7 39. Bd1 Ke7 40. Bc2 Kd8 41. Bf8 Be8 42. Bd1 Kd7 43. Bc2 Bh5 44. Ke3 Bb2 45. Kd2 Bf3 46. h4 Be5 47. Ke3 Bh5 48. Kf2 Bf4 0-1

[Event "Gatineau Defi Nez-B"]
[Site "Gatineau"]
[Date "2009.11.24"]
[Round "2"]
[White "Lacourse, Guy"]
[Black "Rainey, Ivan"]
[Result "1-0"]
[WhiteElo "1684"]
[BlackElo "1418"]
[PlyCount "113"]
[EventDate "2009.11.17"]
[EventType "swiss"]
[EventRounds "5"]
[EventCountry "CAN"]
[SourceTitle "EXT 2011"]
[Source "ChessBase"]
[SourceDate "2010.11.26"]
[SourceVersion "1"]
[SourceVersionDate "2010.11.26"]
[SourceQuality "1"]

1. d4 Nf6 2. Nf3 g6 3. c4 Bg7 4. Nc3 0-0 5. e4 d6 6. h3 e5 7. d5 a5 8. Be3 Na6 9. Be2 Nd7 10. Bg5 Qe8 11. Qd2 Nac5 12. 0-0 f5 13. exf5 Rxf5 14. Nh4 Rf8 15. Bg4 Nf6 16. Bxf6 Bxf6 17. Bxc8 Rxc8 18. Nf3 Qe7 19. Rfe1 Rcd8 20. Ne4 Nxe4 21. Rxe4 b6 22. Rc1 Bg7 23. Rce1 Qd7 24. b3 Rxf3 25. gxf3 Qxh3 26. Qe2 Rf8 27. f4 exf4 28. Re8 f3 29. Rxf8+ Bxf8 30. Qe6+ Qxe6 31. Rxe6 Kf7 32. Kh2 Bg7 33. Kg3 Be5+ 34. Kxf3 Bf6 35. Ke4 Be5 36. f4 Bf6 37. f5 Bc3 38. fxg6+ hxg6 39. Kf4 Be5+ 40. Kg5 Bc3 41. Rxg6 Ke7 42. Kf5 Be5 43. Re6+ Kd7 44. Rxe5 dxe5 45. Kxe5 Ke7 46. a3 Kd7 47. b4 axb4 48. axb4 Ke7 49. c5 bxc5 50. bxc5 Kd7 51. Kf6 c6 52. d6 Kd8 53. Ke6 Ke8 54. Ke5 Kd7 55. Kf6 Ke8 56. Ke6 Kd8 57. d7 1-0

[Event "Gatineau Maisonneuve Memorial"]
[Site "Gatineau"]
[Date "2009.11.03"]
[Round "4"]
[White "Rose, Richard1"]
[Black "Lacourse, Guy"]
[Result "1-0"]
[WhiteElo "1775"]
[BlackElo "1693"]
[PlyCount "83"]
[EventDate "2009.10.13"]
[EventType "swiss"]
[EventRounds "5"]
[EventCountry "CAN"]
[SourceTitle "EXT 2011"]
[Source "ChessBase"]
[SourceDate "2010.11.26"]
[SourceVersion "1"]
[SourceVersionDate "2010.11.26"]
[SourceQuality "1"]

1. e4 c5 2. Nf3 e6 3. d4 cxd4 4. Nxd4 Nf6 5. Bd3 Nc6 6. Be3 Ne5 7. 0-0 Nxd3 8. Qxd3 a6 9. c4 e5 10. Nf3 d6 11. h3 b6 12. Nc3 Bb7 13. Rad1 Bc6 14. Rfe1 Qc7 15. b3 Be7 16. Rc1 0-0 17. Nd5 Bxd5 18. cxd5 Qb7 19. Rc6 Nd7 20. b4 Rfd8 21. Rec1 Rab8 22. Bxb6 Nxb6 23. Rc7 Qa8 24. Rxe7 Rb7 25. Rcc7 Rxc7 26. Rxc7 Rc8 27. Qc3 Qb8 28. Rxc8+ Qxc8 29. Qxc8+ Nxc8 30. a4 Kf8 31. Kf1 Ke7 32. Ke2 h6 33. Nd2 Kd7 34. Nc4 Kc7 35. Kd3 Na7 36. Na5 Kb6 37. Kc4 Nc8 38. Nc6 Na7 39. a5+ Kb7 40. Nxa7 Kxa7 41. b5 Kb8 42. bxa6 1-0

[Event "Hull CC 29 Anniv-B"]
[Site "Gatineau"]
[Date "2009.09.30"]
[Round "4"]
[White "Lacourse, Guy"]
[Black "Berthiaume, Serge"]
[Result "1-0"]
[WhiteElo "1740"]
[BlackElo "1353"]
[PlyCount "57"]
[EventDate "2009.09.08"]
[EventType "swiss"]
[EventRounds "5"]
[EventCountry "CAN"]
[SourceTitle "EXT 2011"]
[Source "ChessBase"]
[SourceDate "2010.11.26"]
[SourceVersion "1"]
[SourceVersionDate "2010.11.26"]
[SourceQuality "1"]

1. d4 d5 2. c4 e6 3. Nc3 c6 4. cxd5 cxd5 5. Nf3 Nc6 6. Bf4 Bb4 7. a3 Bxc3+ 8. bxc3 Qa5 9. Qb3 Nf6 10. Bd6 Ne4 11. Bb4 Nxb4 12. Qxb4 Qc7 13. Rc1 Nd6 14. e3 Bd7 15. Bd3 a6 16. Ne5 Bb5 17. c4 f6 18. Kd2 fxe5 19. cxb5 Qe7 20. dxe5 a5 21. Qxd6 Qxd6 22. exd6 Kd7 23. Rc7+ Kxd6 24. Rhc1 Rab8 25. Rxg7 Rhf8 26. f4 e5 27. g3 exf4 28. exf4 h6 29. Rg6+ 1-0

[Event "Hull CC 29 Anniv-B"]
[Site "Gatineau"]
[Date "2009.09.15"]
[Round "2"]
[White "Dagenais, Benoit"]
[Black "Lacourse, Guy"]
[Result "1-0"]
[WhiteElo "1141"]
[BlackElo "1740"]
[PlyCount "97"]
[EventDate "2009.09.08"]
[EventType "swiss"]
[EventRounds "5"]
[EventCountry "CAN"]
[SourceTitle "EXT 2011"]
[Source "ChessBase"]
[SourceDate "2010.11.26"]
[SourceVersion "1"]
[SourceVersionDate "2010.11.26"]
[SourceQuality "1"]

1. e4 c5 2. Nf3 d6 3. d4 cxd4 4. Nxd4 Nf6 5. Nc3 a6 6. f3 e5 7. Nde2 Be6 8. f4 Qc7 9. f5 Bc4 10. Ng3 Nbd7 11. Bxc4 Qxc4 12. Qd3 Rc8 13. Bg5 Be7 14. Bxf6 Nxf6 15. 0-0 b5 16. Qxc4 Rxc4 17. a3 0-0 18. Rf3 Rfc8 19. Re1 R4c5 20. h3 a5 21. Rb1 b4 22. axb4 axb4 23. Na2 Rxc2 24. Nxb4 R2c4 25. Nd5 Nxd5 26. exd5 Rd4 27. f6 Bxf6 28. Rxf6 gxf6 29. Nf5 Rd2 30. Ne7+ Kf8 31. Nxc8 Rxd5 32. b4 Ke8 33. b5 Kd7 34. Ne7 Rxb5 35. Rxb5 Kxe7 36. Rb8 f5 37. Rh8 d5 38. Rxh7 Kf6 39. Kf2 d4 40. Rh6+ Kg5 41. Rd6 f6 42. g3 Kg6 43. Rd7 Kh6 44. Kf3 Kg6 45. g4 e4+ 46. Kf4 e3 47. gxf5+ Kh6 48. Rxd4 e2 49. Re4 1-0

[Event "Gatineau Hull CC-chB"]
[Site "Gatineau"]
[Date "2009.04.28"]
[Round "3"]
[White "Lacourse, Guy"]
[Black "Lemieux, Richard"]
[Result "1-0"]
[WhiteElo "1614"]
[BlackElo "1653"]
[PlyCount "71"]
[EventDate "2009.04.14"]
[EventType "swiss"]
[EventRounds "5"]
[EventCountry "CAN"]
[SourceTitle "EXT 2011"]
[Source "ChessBase"]
[SourceDate "2010.11.26"]
[SourceVersion "1"]
[SourceVersionDate "2010.11.26"]
[SourceQuality "1"]

1. c4 g6 2. Nf3 Bg7 3. d4 d5 4. cxd5 Qxd5 5. Nc3 Qa5 6. e4 Bg4 7. Bc4 e6 8. Bd2 c6 9. e5 Qb6 10. Na4 Qd8 11. Be2 Bxf3 12. Bxf3 Qxd4 13. Bc3 Qxd1+ 14. Rxd1 Nd7 15. 0-0 Bxe5 16. Rxd7 Bxc3 17. Rxb7 Bf6 18. Bxc6+ Kf8 19. Rxf7+ Kxf7 20. Bxa8 Ne7 21. Bf3 Bd4 22. Rd1 e5 23. Kf1 Rc8 24. Be4 Nf5 25. Bxf5 gxf5 26. Rd2 f4 27. Ke2 Kf6 28. Nc3 Bxc3 29. Rc2 Rg8 30. Rxc3 Rxg2 31. Rc7 Rg7 32. Rxg7 Kxg7 33. Kf3 a5 34. Ke4 Kf6 35. f3 Ke6 36. b3 1-0

[Event "Gatineau Hull CC-chB"]
[Site "Gatineau"]
[Date "2009.04.21"]
[Round "2"]
[White "Desjardins, Michel"]
[Black "Lacourse, Guy"]
[Result "1/2-1/2"]
[WhiteElo "1939"]
[BlackElo "1614"]
[PlyCount "83"]
[EventDate "2009.04.14"]
[EventType "swiss"]
[EventRounds "5"]
[EventCountry "CAN"]
[SourceTitle "EXT 2011"]
[Source "ChessBase"]
[SourceDate "2010.11.26"]
[SourceVersion "1"]
[SourceVersionDate "2010.11.26"]
[SourceQuality "1"]

1. e4 c5 2. Nc3 Nc6 3. g3 g6 4. Bg2 Bg7 5. d3 d6 6. Be3 Nd4 7. Qd2 Nf6 8. h3 0-0 9. Nce2 Nxe2 10. Nxe2 Rb8 11. 0-0 b5 12. f4 Qc7 13. g4 Bb7 14. Ng3 Nd7 15. c3 a6 16. Qf2 e5 17. f5 f6 18. h4 Bc6 19. Qd2 Rf7 20. Bh6 Rbf8 21. Rf2 Qc8 22. Raf1 Qe8 23. Kh1 Kh8 24. Be3 Kg8 25. Qc2 c4 26. dxc4 bxc4 27. Qd2 d5 28. exd5 Bb7 29. Ne4 Qb8 30. Bc5 Nxc5 31. Nxc5 Qd6 32. Ne4 Qb6 33. fxg6 hxg6 34. Qc2 Bc8 35. Qa4 Bd7 36. Qd1 Kh8 37. h5 gxh5 38. gxh5 f5 39. Ng5 Rf6 40. Bh3 Qd6 41. Bg2 Bh6 42. Nh3 1/2-1/2

[Event "Gatineau Qualification CIQ"]
[Site "Gatineau"]
[Date "2009.03.10"]
[Round "1"]
[White "Lacourse, Guy"]
[Black "Tuxanidy Torres, Aleksandr"]
[Result "0-1"]
[WhiteElo "1606"]
[BlackElo "2221"]
[PlyCount "106"]
[EventDate "2009.03.10"]
[EventType "swiss"]
[EventRounds "5"]
[EventCountry "CAN"]
[SourceTitle "EXT 2010"]
[Source "ChessBase"]
[SourceDate "2010.11.25"]
[SourceVersion "1"]
[SourceVersionDate "2010.11.25"]
[SourceQuality "1"]

1. d4 Nf6 2. Nf3 e6 3. Bg5 Be7 4. c4 d5 5. e3 0-0 6. Nc3 Nbd7 7. Rc1 a6 8. a3 Re8 9. Bd3 dxc4 10. Bxc4 b5 11. Be2 c5 12. dxc5 Nxc5 13. Qxd8 Rxd8 14. 0-0 Bb7 15. b4 Ncd7 16. Rfd1 Rac8 17. Nd4 h6 18. Bh4 Nb6 19. Bf3 Bxf3 20. gxf3 Nc4 21. Nb1 g5 22. Bg3 Nd5 23. e4 Ndb6 24. Ne2 f5 25. Rxd8+ Bxd8 26. exf5 exf5 27. f4 Bf6 28. Rc2 Rd8 29. Nec3 Rd3 30. fxg5 hxg5 31. Bc7 Nd5 32. Nxd5 Rxd5 33. Nc3 Rd3 34. Ne2 Rxa3 35. Ng3 f4 36. Ne4 Be7 37. Kg2 Kg7 38. Nd2 Nxd2 39. Be5+ Kg6 40. Rxd2 Bxb4 41. Rd5 Be1 42. Rd6+ Kf5 43. Bb2 Ra2 44. Rd5+ Kg6 45. Rd6+ Kh5 46. Bf6 Rxf2+ 47. Kg1 f3 48. Rxa6 Rg2+ 49. Kh1 Bf2 50. Ra1 Kg4 51. Be5 Kh3 52. Rb1 Be3 53. Rf1 f2 0-1

[Event "Gatineau Fischer Memorial"]
[Site "Gatineau"]
[Date "2009.02.10"]
[Round "4"]
[White "Libersan, Mattieu"]
[Black "Lacourse, Guy"]
[Result "1-0"]
[WhiteElo "1840"]
[BlackElo "1576"]
[PlyCount "49"]
[EventDate "2009.01.20"]
[EventType "swiss"]
[EventRounds "6"]
[EventCountry "CAN"]
[SourceTitle "EXT 2011"]
[Source "ChessBase"]
[SourceDate "2010.11.26"]
[SourceVersion "1"]
[SourceVersionDate "2010.11.26"]
[SourceQuality "1"]

1. e4 c5 2. Nf3 e6 3. d4 cxd4 4. Nxd4 a6 5. c4 Nf6 6. Nc3 d6 7. Be2 Nbd7 8. 0-0 Qc7 9. Be3 Be7 10. Qd2 0-0 11. f4 Nc5 12. Bf3 e5 13. Nd5 Nxd5 14. cxd5 exf4 15. Bxf4 Nd7 16. Nf5 Ne5 17. Rac1 Nxf3+ 18. Rxf3 Qd8 19. Nxg7 Bh4 20. Bh6 Bg4 21. Rf4 Bg5 22. Rxg4 Bxd2 23. Ne6+ Bg5 24. Nxd8 Rfxd8 25. Rxg5+ 1-0

[Event "Gatineau Fischer Memorial"]
[Site "Gatineau"]
[Date "2009.01.27"]
[Round "2"]
[White "Lacourse, Guy"]
[Black "Sabourin, Yves"]
[Result "1-0"]
[WhiteElo "1576"]
[BlackElo "1395"]
[PlyCount "53"]
[EventDate "2009.01.20"]
[EventType "swiss"]
[EventRounds "6"]
[EventCountry "CAN"]
[SourceTitle "EXT 2011"]
[Source "ChessBase"]
[SourceDate "2010.11.26"]
[SourceVersion "1"]
[SourceVersionDate "2010.11.26"]
[SourceQuality "1"]

1. d4 d5 2. c4 e6 3. Nc3 Nf6 4. Bg5 Be7 5. e3 0-0 6. Nf3 Nbd7 7. Rc1 b6 8. cxd5 exd5 9. Bd3 Bb7 10. 0-0 a5 11. Re1 c6 12. Bb1 b5 13. Qc2 b4 14. Ne5 g6 15. Na4 Nxe5 16. dxe5 Nd7 17. Bf4 Re8 18. Bg3 Rc8 19. f4 c5 20. b3 Nb6 21. Nxb6 Qxb6 22. f5 c4 23. e6 Bg5 24. exf7+ Kxf7 25. fxg6+ Qxg6 26. Qb2 c3 27. Bxg6+ 1-0

[Event "Gatineau Defi Nez rouge B"]
[Site "Gatineau"]
[Date "2008.11.25"]
[Round "1"]
[White "Lacourse, Guy"]
[Black "Berthiaume, Serge"]
[Result "0-1"]
[WhiteElo "1572"]
[BlackElo "1231"]
[PlyCount "92"]
[EventDate "2008.11.25"]
[EventType "swiss"]
[EventRounds "5"]
[EventCountry "CAN"]
[SourceTitle "EXT 2022"]
[Source "ChessBase"]
[SourceDate "2021.10.06"]
[SourceVersion "1"]
[SourceVersionDate "2021.10.06"]
[SourceQuality "1"]

1. c4 e5 2. Nc3 Nc6 3. Nf3 Bc5 4. g3 d6 5. Bg2 Bf5 6. 0-0 Qd7 7. Nd5 Nd4 8. Ne1 c6 9. Nc3 Nf6 10. e3 Ne6 11. d3 0-0 12. Na4 d5 13. Nxc5 Nxc5 14. d4 dxc4 15. Nf3 exd4 16. Qxd4 Qxd4 17. Nxd4 Bd3 18. Re1 Rfe8 19. Bd2 Nce4 20. Rad1 Rad8 21. f3 Nxd2 22. Rxd2 Nd5 23. e4 Nb4 24. a3 Rxd4 25. axb4 Re5 26. Kf2 Rb5 27. Ke3 Rd7 28. Bf1 Rxb4 29. Bxd3 cxd3 30. Red1 f6 31. Rxd3 Rxd3+ 32. Rxd3 Rxb2 33. h4 Rb1 34. Rd8+ Kf7 35. h5 a5 36. Ra8 Rb3+ 37. Kf4 Rb5 38. g4 c5 39. Rd8 a4 40. Rd2 Ke7 41. Ra2 Rb4 42. Ke3 Rb3+ 43. Ke2 b5 44. Ra1 a3 45. Kf2 c4 46. Ke2 Rd3 0-1

[Event "Gatineau Maisonneuve Memorial"]
[Site "Gatineau"]
[Date "2008.11.18"]
[Round "5"]
[White "Beriault, Silvain"]
[Black "Lacourse, Guy"]
[Result "1-0"]
[WhiteElo "1650"]
[BlackElo "1569"]
[PlyCount "127"]
[EventDate "2008.10.21"]
[EventType "swiss"]
[EventRounds "5"]
[EventCountry "CAN"]
[SourceTitle "EXT 2011"]
[Source "ChessBase"]
[SourceDate "2010.11.26"]
[SourceVersion "1"]
[SourceVersionDate "2010.11.26"]
[SourceQuality "1"]

1. d4 Nf6 2. c4 g6 3. Nf3 e6 4. Nc3 d5 5. Bg5 Bg7 6. e3 h6 7. Bh4 0-0 8. Rc1 c6 9. Bd3 dxc4 10. Bxc4 b5 11. Bd3 Qb6 12. b4 Nbd7 13. 0-0 Nd5 14. a3 Nxc3 15. Rxc3 e5 16. Be4 Bb7 17. dxe5 Nxe5 18. Nxe5 Bxe5 19. Rc5 Qc7 20. Bg3 Bxg3 21. fxg3 Rfe8 22. Qg4 Kh7 23. Rf6 Rg8 24. Bxc6 Bxc6 25. Rcxc6 Qe7 26. Qf4 Rgf8 27. Rc7 Qe8 28. Rfxf7+ Rxf7 29. Qxf7+ Qxf7 30. Rxf7+ Kg8 31. Rb7 a6 32. Kf2 Rf8+ 33. Ke2 Rf6 34. e4 Rc6 35. Kd3 Rd6+ 36. Ke3 Rc6 37. Rd7 Rc3+ 38. Rd3 Rc2 39. Kf3 Rc6 40. e5 Kf7 41. g4 Rc4 42. h3 Rc6 43. g3 Rc4 44. h4 Rc6 45. h5 gxh5 46. gxh5 Rc4 47. Rd7+ Ke6 48. Rh7 Kxe5 49. Rxh6 Rc3+ 50. Kg4 Rxa3 51. Rc6 Ra4 52. Kg5 Rxb4 53. Rxa6 Rc4 54. h6 Rc8 55. h7 Kd4 56. Rg6 Rh8 57. Kh6 b4 58. Rg8 Rxh7+ 59. Kxh7 b3 60. Rb8 Kc3 61. g4 b2 62. g5 Kc2 63. Rxb2+ Kxb2 64. g6 1-0

[Event "Gatineau Monarque Noir 2nd"]
[Site "Gatineau"]
[Date "2008.01.22"]
[Round "2"]
[White "Ben Fredj, Haythem"]
[Black "Lacourse, Guy"]
[Result "1-0"]
[WhiteElo "2000"]
[BlackElo "1583"]
[PlyCount "97"]
[EventDate "2008.01.15"]
[EventType "swiss"]
[EventRounds "7"]
[EventCountry "CAN"]
[SourceTitle "EXT 2011"]
[Source "ChessBase"]
[SourceDate "2010.11.26"]
[SourceVersion "1"]
[SourceVersionDate "2010.11.26"]
[SourceQuality "1"]

1. d4 Nf6 2. c4 e6 3. Nf3 b6 4. g3 Bb7 5. Bg2 Bb4+ 6. Bd2 Be7 7. Nc3 0-0 8. Qc2 d5 9. Ne5 c6 10. 0-0 Nbd7 11. f4 Rc8 12. cxd5 exd5 13. Bh3 Rc7 14. Rac1 Nxe5 15. fxe5 Ne8 16. Bf4 Bg5 17. Qd2 Bxf4 18. Rxf4 Bc8 19. Bxc8 Qxc8 20. Qd3 g6 21. Rcf1 Ng7 22. e4 dxe4 23. Nxe4 Ne6 24. Rh4 Kg7 25. Qe3 h5 26. Nd6 Qd8 27. Rf6 Rd7 28. Rxh5 gxh5 29. Nf5+ Kg8 30. Qh6 Qxf6 31. Qxf6 b5 32. Qh4 Re8 33. Nd6 Rxd6 34. exd6 Rd8 35. Qxh5 Rxd6 36. h4 Rxd4 37. Qh6 c5 38. h5 Rg4 39. Kf2 Nd4 40. Qa6 Rg5 41. g4 f5 42. Qc8+ Kh7 43. Qc7+ Rg7 44. Qxc5 Rxg4 45. Qxa7+ Kh6 46. Qf7 Rf4+ 47. Ke3 Rg4 48. a3 Rg3+ 49. Kxd4 1-0

[Event "Gatineau Monarque Noir 2nd"]
[Site "Gatineau"]
[Date "2008.01.15"]
[Round "1"]
[White "Lacourse, Guy"]
[Black "Reitano, Michael"]
[Result "1-0"]
[WhiteElo "1583"]
[BlackElo "967"]
[PlyCount "61"]
[EventDate "2008.01.15"]
[EventType "swiss"]
[EventRounds "7"]
[EventCountry "CAN"]
[SourceTitle "EXT 2011"]
[Source "ChessBase"]
[SourceDate "2010.11.26"]
[SourceVersion "1"]
[SourceVersionDate "2010.11.26"]
[SourceQuality "1"]

1. d4 Nf6 2. Nf3 Nc6 3. c4 d5 4. cxd5 Nxd5 5. e4 Nf6 6. Nc3 Bg4 7. d5 Nb4 8. Qa4+ c6 9. Qxb4 g6 10. Qxb7 a6 11. Bxa6 Bg7 12. Qxc6+ Kf8 13. Be2 Bh5 14. 0-0 h6 15. h3 g5 16. e5 Nd7 17. g4 Bg6 18. e6 Nb6 19. Be3 Ra6 20. Bxa6 f6 21. Bxb6 Qb8 22. Bb5 Kg8 23. Bc7 Qa7 24. d6 exd6 25. e7 Kh7 26. Qxd6 h5 27. Bc4 Kh6 28. Nxg5 f5 29. gxf5 Kxg5 30. Qxg6+ Kh4 31. Qg3# 1-0

[Event "Gatineau Hull CC 28 Ann-B"]
[Site "Gatineau"]
[Date "2007.10.09"]
[Round "5"]
[White "Arsenault, Yves"]
[Black "Lacourse, Guy"]
[Result "1-0"]
[WhiteElo "1411"]
[BlackElo "1607"]
[PlyCount "73"]
[EventDate "2007.09.11"]
[EventType "swiss"]
[EventRounds "5"]
[EventCountry "CAN"]
[SourceTitle "EXT 2022"]
[Source "ChessBase"]
[SourceDate "2021.10.06"]
[SourceVersion "1"]
[SourceVersionDate "2021.10.06"]
[SourceQuality "1"]

1. e4 c5 2. Nf3 d6 3. d4 cxd4 4. Nxd4 Nf6 5. Nc3 a6 6. Be2 e5 7. Nf3 Be7 8. Be3 0-0 9. 0-0 b5 10. Nd5 Nxe4 11. Nb6 Bb7 12. Nxa8 Bxa8 13. Rc1 f5 14. c4 f4 15. Bd2 Qb6 16. cxb5 Kh8 17. bxa6 Nc5 18. b4 Ncxa6 19. Qb3 Qb7 20. Ne1 e4 21. f3 e3 22. Bc3 d5 23. Qb2 Bh4 24. Nd3 Qf7 25. Ne5 Qh5 26. Ng4 Qg5 27. Rc2 Nc7 28. Rfc1 Ne6 29. Be5 Bb7 30. a4 h5 31. Bxg7+ Nxg7 32. Ne5 Bf2+ 33. Kh1 Kg8 34. Rc7 Nf5 35. Bd3 Ng3+ 36. hxg3 fxg3 37. Bh7+ 1-0

[Event "Gatineau Hull CC 28 Ann-B"]
[Site "Gatineau"]
[Date "2007.10.02"]
[Round "4"]
[White "Lacourse, Guy"]
[Black "Guimond, Michel"]
[Result "1/2-1/2"]
[WhiteElo "1607"]
[BlackElo "1816"]
[PlyCount "117"]
[EventDate "2007.09.11"]
[EventType "swiss"]
[EventRounds "5"]
[EventCountry "CAN"]
[SourceTitle "EXT 2022"]
[Source "ChessBase"]
[SourceDate "2021.10.06"]
[SourceVersion "1"]
[SourceVersionDate "2021.10.06"]
[SourceQuality "1"]

1. c4 e5 2. Nc3 d6 3. g3 g6 4. Bg2 Bg7 5. e4 Nh6 6. Nge2 0-0 7. d4 Nc6 8. d5 Ne7 9. f3 Bd7 10. Be3 f5 11. Qd2 Nf7 12. h4 h6 13. 0-0-0 c6 14. Kb1 cxd5 15. Nxd5 Be6 16. Nec3 Nxd5 17. Nxd5 Qd7 18. Bf1 Kh8 19. Bd3 Bxd5 20. cxd5 h5 21. Rc1 Kh7 22. Rc2 f4 23. gxf4 exf4 24. Bxf4 Ne5 25. Bxe5 Bxe5 26. Qg2 Rac8 27. Rhc1 Bf4 28. Rxc8 Rxc8 29. Rxc8 Qxc8 30. Bc2 Be5 31. f4 Bxf4 32. e5 Qg4 33. Qxg4 hxg4 34. e6 Kg7 35. Be4 Kf6 36. Kc2 Bg3 37. e7 Kxe7 38. Bxg6 Bxh4 39. Bf5 g3 40. Bh3 Kf6 41. Kd3 Ke5 42. Bg2 Kf4 43. Bh1 Bd8 44. Bg2 b5 45. b3 Bb6 46. Bh1 Bf2 47. Bg2 Ke5 48. a4 a6 49. axb5 axb5 50. Bh1 Kf6 51. Bg2 Ke7 52. Bh1 Kd7 53. Bg2 Kc7 54. Bh1 Kb6 55. Bg2 Kc5 56. Bh1 Kb4 57. Kc2 Kc5 58. Kd3 b4 59. Bg2 1/2-1/2

[Event "Gatineau Nez rouge B"]
[Site "Gatineau"]
[Date "2006.12.19"]
[Round "5"]
[White "Lacourse, Guy"]
[Black "Scantland, Patrick"]
[Result "0-1"]
[WhiteElo "1652"]
[BlackElo "1682"]
[PlyCount "76"]
[EventDate "2006.11.21"]
[EventType "swiss"]
[EventRounds "5"]
[EventCountry "CAN"]
[SourceTitle "EXT 2022"]
[Source "ChessBase"]
[SourceDate "2021.10.06"]
[SourceVersion "1"]
[SourceVersionDate "2021.10.06"]
[SourceQuality "1"]

1. Nf3 Nf6 2. c4 e6 3. d4 d5 4. Bg5 Be7 5. e3 0-0 6. Nc3 h6 7. Bh4 b6 8. Rc1 Bb7 9. Bd3 Nbd7 10. 0-0 Rc8 11. cxd5 Nxd5 12. Bxe7 Qxe7 13. e4 Nxc3 14. bxc3 c5 15. Qe2 cxd4 16. cxd4 Qa3 17. Qd2 Nf6 18. Rxc8 Rxc8 19. Qe2 Rc1 20. Re1 Qc3 21. Rxc1 Qxc1+ 22. Qe1 Qxe1+ 23. Nxe1 Bxe4 24. f3 Bxd3 25. Nxd3 Nd5 26. Kf2 Nc3 27. Nc1 Kf8 28. g3 Ke7 29. Ke3 Kd6 30. Kd2 Nb5 31. Kd3 Kd5 32. Nb3 a5 33. a4 Nd6 34. Nc1 Nc4 35. Kc3 Ne3 36. Ne2 g5 37. h3 Nd1+ 38. Kc2 Nf2 0-1